000 00860nmm a2200265 a 4500
001 ocm000924648
003 TR-IsHL
005 20201028145615.0
008 150110s2013 tu tur
007 cr cn
035 _a924648
_b(N$T)
050 0 4 _aPL230
_b.T372 2013
090 0 4 _aPL230
_b.T372 2013
100 1 _aTaş, Tevfik
245 1 0 _aKonuşan ayçiçekleri
_h[electronic resource] /
_cTevfik Taş ; çizen Sahar Bardaie
260 _aİstanbul :
_bEvrensel Basım Yayın,
_c2013
300 _a21 p.
650 4 _aDil ve Edebiyat
650 4 _aLanguage and Literature
650 0 _aÇocuk edebiyatı
650 0 _aChildren literature
650 7 _aLITERARY CRITICISM / Children's Literature
_2bisacsh
700 1 _aBardaie, Sahar
856 4 0 _uhttp://search.ebscohost.com/login.aspx?direct=true&scope=site&db=e011xww&AN=924648
999 _c10037
_d10037